00544nam a2200157 a 450000100100000000500170001000800410002704000250006808200130009310000290010624501040013526000340023930000280027370000190030171000660032000004359320201002044852.0140327s2001 dr a 000 0 spa d aDO-SdBNPbspacBNPHU axxxbxxx1 aVentura Muñoz, Eduardo10aMatemática superior I :bdepartamento de matemáticas /cEduardo Ventura Muñoz, Roberto Morel. aSanto Domingo :bUCSD,c2001. a192 p. :bil. ;c23 cm.12aMorel, Roberto22aUniversidad Católica Santo Domingo (República Dominicana)